Comuni della Provincia di Arezzo (con mappa) - Statistics

Statistiche generali
  • Questo quiz è stato fatto 35 volte
  • Il punteggio medio è 25 su 36
Risposte nella Mappa
Le risposte nella mappa del quiz sottostante sono codificate secondo una scala di colori dal rosso al verde in base alla % di persone che hanno risposto correttamente.
 
Statistiche sulle risposte
Risposta % Corretto
Arezzo
100%
Cortona
91%
San Giovanni Valdarno
91%
Bibbiena
87%
Montevarchi
87%
Castiglion Fiorentino
83%
Poppi
83%
Sansepolcro
78%
Terranuova Bracciolini
78%
Anghiari
74%
Bucine
74%
Castiglion Fibocchi
74%
Lucignano
74%
Monte San Savino
70%
Subbiano
70%
Badia Tedalda
65%
Caprese Michelangelo
65%
Castelfranco Piandiscò
65%
Cavriglia
65%
Foiano della Chiana
65%
Pieve Santo Stefano
65%
Talla
65%
Capolona
61%
Chiusi della Verna
61%
Civitella in Val di Chiana
61%
Loro Ciuffenna
61%
Montemignaio
61%
Monterchi
61%
Pratovecchio Stia
61%
Sestino
61%
Castel Focognano
52%
Castel San Niccolò
52%
Chitignano
52%
Laterina Pergine Valdarno
52%
Marciano della Chiana
52%
Ortignano Raggiolo
52%
Nessun quiz corrispondente trovato
Distribuzione punteggi
Percentuale di utenti per punteggio
Percentile per numero di risposta
I tuoi punteggi nel tempo
Non hai fatto questo quiz